| 000 | 00562cam a22002051 4500 | ||
|---|---|---|---|
| 001 | ca 32000469 | ||
| 003 | DLC | ||
| 005 | 20260227111126.0 | ||
| 008 | 880912s1932 kyuac 000 0 eng | ||
| 010 | _aca 32000469 | ||
| 035 | _a(OCoLC)18471782 | ||
| 040 |
_aDLC _cRPB _dRPB _dDLC |
||
| 050 | 0 | 0 |
_aPS3527.E913 _bT5 1932 |
| 082 | _a811.5 | ||
| 100 | 1 | _aNewsom, W. E. | |
| 245 | 1 | 0 |
_aThoughts for the quiet hour _c[by] W.E. Newsom. |
| 260 |
_aCynthiana, Ky. _b[Log Cabin Printery] _c1932. |
||
| 300 |
_a72 p. _billus. (incl. ports.) _c20 cm. |
||
| 500 | _aPoems. | ||
| 999 |
_c16929 _d16929 |
||